Celebrities in Chinese Quiz Stats

 Plays Quiz not verified by Sporcle

Score 0/24 Timer 06:00
0 Plays Today
Phonetic Spelling (Pinyin) Celebrity % Correct
Jiǎsītīng TímǔbùláikèJustin Timberlake
86.4%
Ānjiélìnà ZhūlìAngelina Jolie
81.8%
Kǎilì KèlākèsēnKelly Clarkson
80.5%
Lánsī AmǔsītèlǎngLance Armstrong
74%
Dàwèi BèikèhànDavid Beckham
73.4%
Màitè DàméngMatt Damon
72.7%
Àolánduō BùlǔmǔOrlando Bloom
70.1%
Zhānnīfú AnnísīdùnJennifer Aniston
69.5%
Dákētǎ FēnníDakota Fanning
68.2%
Zhēnnī JiékèxùnJanet Jackson
66.9%
Bì AngsīBeyonce
59.7%
Tàilè SīwēifutèTaylor Swift
59.7%
Phonetic Spelling (Pinyin) Celebrity % Correct
Mǎshā SītúěrtèMartha Stewart
58.4%
Jiélǐ ShèngfēidéJerry Seinfeld
54.5%
Kǎilì AndéwudéCarrie Underwood
44.8%
Kūntīng TǎlúndìnuòQuentin Tarantino
44.8%
Nǚshén KǎkǎLady Gaga
43.5%
Yuēhàn MéiěrJohn Mayer
41.6%
Mǎlìlián Mènglù*Marilyn Monroe
39.6%
Dānníěr LādékèlìfuDaniel Radcliffe
39%
Kèlǐsīdìnuó AkuíláilāChristina Aguilera
37.7%
Xīān LābófuShia LaBeouf
35.1%
Kèlǐsītīng BèiěrChristian Bale
29.9%
Dānní KùkèDane Cook
29.2%

You're not logged in!

Compare scores with friends on all Sporcle quizzes.
OR
Log In

Show Comments

Extras

Top Quizzes Today


Score Distribution

Your Account Isn't Verified!

In order to create a playlist on Sporcle, you need to verify the email address you used during registration. Go to your Sporcle Settings to finish the process.

Report this User

Report this user for behavior that violates our Community Guidelines.

Details: